Elogio del Rey D. Carlos III que esté en gloria. Lo leyó en la Real Sociedad de Mallorca Don Juan Perez Villamil, fiscal de la Real Audiencia de la isla, i socio de numero de la misma Real Sociedad en 19 de marzo de 1789

Detalles Bibliográficos
Autor principal: Pérez Villamil, Juan, 1754-1824
Formato: Libro
Lenguaje:Spanish
Publicado: Mallorca : en la imprenta Real de Don Ignacio Maria Serrá, 1804.
Materias:
Colección:Banco de datos
Acervo:Fondo Bibliográfico Antiguo del Archivo Municipal de Orizaba
Descripción Física:67 p. ; 4°
Tema general:Homilética
Notas:Portada tipográfica con pleca en grabado xilográfico. Texto a renglón seguido con paginación en números arábigos y comentarios. Ex libris manuscrito en la portada: "P. Ben"
LEADER 00926nam a22001930004500
035 |a 1266 
041 0 |a spa 
100 1 |a Pérez Villamil, Juan, 1754-1824 
245 1 0 |a Elogio del Rey D. Carlos III que esté en gloria. Lo leyó en la Real Sociedad de Mallorca Don Juan Perez Villamil, fiscal de la Real Audiencia de la isla, i socio de numero de la misma Real Sociedad en 19 de marzo de 1789 
260 |a Mallorca : en la imprenta Real de Don Ignacio Maria Serrá, 1804. 
300 |a 67 p. ; 4° 
500 |a Portada tipográfica con pleca en grabado xilográfico. Texto a renglón seguido con paginación en números arábigos y comentarios. Ex libris manuscrito en la portada: "P. Ben" 
501 |a 10 obras 
600 1 4 |a Carlos III, rey de España, 1716-1788 
650 1 0 |a Homilética 
949 |a 1676-I 
942 |c ORIZABA 
943 |g Fondo Bibliográfico Antiguo del Archivo Municipal de Orizaba 
999 |c 1103216  |d 1103216